Statistics for Most and Least Price-Competitive Countries in Tourism

Click here to take the quiz!

General Stats

  • This quiz has been taken 1,709 times
    (576 since last reset)
  • The average score is 7 of 20

Answer Stats

HintAnswers% Correct
1United Kingdom
77%
6Norway
71%
7Sweden
70%
10Denmark
64%
3Iceland
63%
4Switzerland
61%
6Indonesia
46%
3Egypt
45%
2Israel
36%
1Iran
33%
5Malaysia
33%
8Algeria
18%
2Brunei
14%
8Jamaica
14%
7Mongolia
12%
4Kazakhstan
11%
5Seychelles
10%
9Kyrgyzstan
6%
10Lesotho
2%
9Sierra Leone
2%

Score Distribution

Percentile by Number Answered

Percent of People with Each Score

Your Score History

You have not taken this quiz since the last reset